| 000 | 00637nam a2200217Ii 4500 | ||
|---|---|---|---|
| 003 | JO-AjNU | ||
| 008 | 230606s9999||||xx |||||||||||||| ||und|| | ||
| 020 | _a978-9958-27-140-3 | ||
| 040 |
_aJO-AjNU _beng _erda _cJO-AjNU |
||
| 041 | _aeng | ||
| 050 | 1 | 4 | _aBP172 2013 |
| 100 | 3 |
_aHalilovic,Safvet, _eauthor _93737 |
|
| 245 | 0 | 0 | _aIslam and the West in the Thought of Muhammad (Leopold Weiss) |
| 250 | _a3rd Edition | ||
| 264 | 3 | 1 | _aSarajevo: Dobra Knjiga, 2013 |
| 300 | _a158p | ||
| 336 |
_atext _btxt _2rdacontent |
||
| 337 |
_aunmediated _bn _2rdamedia |
||
| 338 |
_avolume _bnc _2rdacarrier |
||
| 650 | 4 |
_aIslam and the West _93738 |
|
| 999 |
_aE1951 _c1951 _d1951 |
||